2025 Formula One Circuits by Layout - Statistics

General Stats
  • This quiz has been taken 401 times
  • The average score is 18 of 24
Answer Stats
Picture Answer % Correct
Monaco
95%
Japan
88%
Belgium
85%
China
85%
Las Vegas
85%
Monza
85%
Spain
85%
Baku
82%
Saudi Arabia
79%
Austria
77%
Brazil
75%
Canada
75%
Qatar
74%
United States/Austin
74%
Australia
73%
United Kingdom
72%
Bahrain
71%
Hungary
71%
Miami
71%
Netherlands
71%
Singapore
71%
Imola
68%
Abu Dhabi
65%
Mexico
64%
No matching quizzes found
Score Distribution
Percent of People with Each Score
Percentile by Number Answered
Your Score History
You have not taken this quiz